Rock or Anatomy? - Statistics

General Stats
  • This quiz has been taken 875 times
  • The average score is 13 of 16
Answer Stats
Question Answer % Correct
Obsidian Rock
99%
Basalt Rock
97%
Lysosome Human Anatomy
95%
Scapula Human Anatomy
95%
Sacrum Human Anatomy
92%
Gneiss Rock
91%
Feldspar Rock
90%
Histamine Human Anatomy
89%
Lumbar Human Anatomy
88%
Angioblast Human Anatomy
83%
Porphyry Rock
78%
Philtrum Human Anatomy
74%
Scoria Rock
71%
Albumin Human Anatomy
70%
Breccia Rock
69%
Trachyte Rock
50%
No matching quizzes found
Score Distribution
Percent of People with Each Score
Percentile by Number Answered
Your Score History
You have not taken this quiz